• 首页
  • 本馆介绍
  • 公告通知
  • 最新文献
  • 馆藏检索
  • 电子资源
  • 读者导购
  • 参考咨询
  • 我的图书馆
  • 登录
  • 详细信息显示
  • 放入我的书架
  • 预约/预借图书
  • 作者相关作品
  • 分类相关作品
  • 丛书相关作品
  • 出版社相关作品

书目信息

  • 表格格式
  • 工作单格式
  • 卡片格式
题名:
2020教育学考研阿范题
    
 
作者: ;文都比邻 主编
分册:  
出版信息: 北京   中国原子能出版社  2019.03
页数: 203页
开本: 26cm
丛书名:
单 册:
中图分类: G40-44
科图分类:
主题词: 教育学--jiao yu xue--研究生--入学考试--习题集
电子资源:
ISBN: 978-7-5022-9698-8
000 00796nam0 2200241 450
001 0104125637
005 20201104125713.0
010    @a978-7-5022-9698-8@dCNY39.80
100    @a20190719d2019 em y0chiy50 ea
101 0  @achi
102    @aCN@b110000
105    @ay q 000yy
106    @ar
200 1  @a2020教育学考研阿范题@A2020 jiao yu xue kao yan a fan ti@e刷题宝典@e学硕版@f文都比邻主编
210    @a北京@c中国原子能出版社@d2019.03
215    @a203页@d26cm
300    @a文都教育
330    @a本书包含教育学考研五个科目:教育学原理、中国教育史、外国教育史、教育心理学、教育研究方法。
606 0  @a教育学@Ajiao yu xue@x研究生@x入学考试@j习题集
690    @aG40-44@v5
711 02 @a文都比邻@Awen dou bi lin@4主编
801  0 @aCN@bBJSZM@c20201104
905    @b1261466-9@dG40-44@e1114@f4
    
    2020教育学考研阿范题:刷题宝典:学硕版/文都比邻主编.-北京:中国原子能出版社,2019.03
    203页;26cm
    文都教育
    
    ISBN 978-7-5022-9698-8:CNY39.80
    本书包含教育学考研五个科目:教育学原理、中国教育史、外国教育史、教育心理学、教育研究方法。
●
相关链接 在E读中查询图书 在五车中查询图书 在当当中查询图书 在豆瓣中查询图书


正题名:2020教育学考研阿范题     索取号:G40-44/1114         预约/预借

序号 登录号 条形码 馆藏地/架位号 状态 备注
1 1261466   212614660   第一样本阅览室/ [索取号:G40-44/1114] 在馆    
2 1261467   212614679   教育系资料室/ [索取号:G40-44/1114] 在馆    
3 1261468   212614688   教育系资料室/ [索取号:G40-44/1114] 在馆    
4 1261469   212614697   第四借阅区/ [索取号:G40-44/1114] 在馆    
唐山师范学院图书馆 欢迎您!
大连网信软件有限公司© 版权所有